Water,culture and identity (Record no. 7833)

MARC details
000 -LEADER
fixed length control field 00572nam a22001937a 4500
003 - CONTROL NUMBER IDENTIFIER
control field OSt
005 - DATE AND TIME OF LATEST TRANSACTION
control field 20220321113242.0
008 - FIXED-LENGTH DATA ELEMENTS--GENERAL INFORMATION
fixed length control field 220321b ||||| |||| 00| 0 eng d
020 ## - INTERNATIONAL STANDARD BOOK NUMBER
International Standard Book Number 9788274530805
040 ## - CATALOGING SOURCE
Transcribing agency DDC
082 ## - DEWEY DECIMAL CLASSIFICATION NUMBER
Classification number 363.739 OES 2009
100 ## - MAIN ENTRY--PERSONAL NAME
Personal name Oestigaard, Terje
9 (RLIN) 2038
245 ## - TITLE STATEMENT
Title Water,culture and identity
Remainder of title : comparing past and present traditions in Nile basin region
260 ## - PUBLICATION, DISTRIBUTION, ETC. (IMPRINT)
Place of publication, distribution, etc. Norway
Name of publisher, distributor, etc. : University of Bergen
Date of publication, distribution, etc. , C 2009
300 ## - PHYSICAL DESCRIPTION
Extent x,272p.
Other physical details ; ill.
504 ## - BIBLIOGRAPHY, ETC. NOTE
Bibliography, etc References
650 ## - SUBJECT ADDED ENTRY--TOPICAL TERM
Topical term or geographic name as entry element Water, culture and identity
9 (RLIN) 15940
942 ## - ADDED ENTRY ELEMENTS (KOHA)
Source of classification or shelving scheme Dewey Decimal Classification
Koha item type Book
Holdings
Withdrawn status Lost status Source of classification or shelving scheme Damaged status Not for loan Home library Current library Date acquired Source of acquisition Inventory number Total Checkouts Full call number Barcode Date last seen Price effective from Koha item type
    Dewey Decimal Classification     Faculty of Interdisciplinary Studies Library Faculty of Interdisciplinary Studies Library 21/03/2022 Purchase 13/4666   363.739 OES 2009 2022-0499 21/03/2022 21/03/2022 Book
    Dewey Decimal Classification     Faculty of Interdisciplinary Studies Library Faculty of Interdisciplinary Studies Library 21/03/2022 Purchase 13/4668   363.739 OES 2009 2022-0500 21/03/2022 21/03/2022 Book
    Dewey Decimal Classification     Faculty of Interdisciplinary Studies Library Faculty of Interdisciplinary Studies Library 21/03/2022 Purchase 13/4664   363.739 OES 2009 2022-0501 21/03/2022 21/03/2022 Book
    Dewey Decimal Classification     Faculty of Interdisciplinary Studies Library Faculty of Interdisciplinary Studies Library 21/03/2022 Purchase 13/4663   363.739 OES 2009 2022-0502 21/03/2022 21/03/2022 Book
    Dewey Decimal Classification     Faculty of Interdisciplinary Studies Library Faculty of Interdisciplinary Studies Library 21/03/2022 Purchase 13/4667   363.739 OES 2009 2022-0503 21/03/2022 21/03/2022 Book
    Dewey Decimal Classification     Faculty of Interdisciplinary Studies Library Faculty of Interdisciplinary Studies Library 21/03/2022   13/4670   363.739 OES 2009 2022-0504 21/03/2022 21/03/2022 Book
    Dewey Decimal Classification     Faculty of Interdisciplinary Studies Library Faculty of Interdisciplinary Studies Library 21/03/2022   13/4669   363.739 OES 2009 2022-0505 21/03/2022 21/03/2022 Book
    Dewey Decimal Classification     Faculty of Interdisciplinary Studies Library Faculty of Interdisciplinary Studies Library 21/03/2022   13/4665   363.739 OES 2009 2022-0506 21/03/2022 21/03/2022 Book